تشريح العقل الإسرائيلى / (Record no. 14172)
[ view plain ]
| 000 -LEADER | |
|---|---|
| fixed length control field | 00976nam a22002057a 4500 |
| 008 - FIXED-LENGTH DATA ELEMENTS--GENERAL INFORMATION | |
| fixed length control field | 100623t xxu||||| |||| 00| 0 eng d |
| 020 ## - INTERNATIONAL STANDARD BOOK NUMBER | |
| International Standard Book Number | 9770167517 |
| 082 ## - DEWEY DECIMAL CLASSIFICATION NUMBER | |
| Edition number | 22 |
| Classification number | 320.54095694 |
| Item number | ي س ي |
| 100 ## - MAIN ENTRY--PERSONAL NAME | |
| 9 (RLIN) | 8302 |
| Personal name | يسين , السيد. |
| 245 ## - TITLE STATEMENT | |
| Title | تشريح العقل الإسرائيلى / |
| Statement of responsibility, etc | السيد يسين |
| 260 ## - PUBLICATION, DISTRIBUTION, ETC. (IMPRINT) | |
| Place of publication, distribution, etc | القاهرة : |
| Name of publisher, distributor, etc | الهيئة المصرية العامة للكتاب ،2000 |
| Date of publication, distribution, etc | 2000. |
| 300 ## - PHYSICAL DESCRIPTION | |
| Extent | 283 ص ؛ |
| Dimensions | 24سم |
| 490 ## - Series Statement | |
| -- | 14508 |
| Series statement | مكتبة الأسرة.الأعمال الفكرية |
| 541 ## - IMMEDIATE SOURCE OF ACQUISITION NOTE | |
| Source of acquisition | د. باسم ؛ |
| 650 ## - SUBJECT ADDED ENTRY--TOPICAL TERM | |
| 9 (RLIN) | 15086 |
| Topical term or geographic name as entry element | النزاع العربى الإسرائيلى |
| 650 ## - SUBJECT ADDED ENTRY--TOPICAL TERM | |
| 9 (RLIN) | 13307 |
| Topical term or geographic name as entry element | الصهيونية |
| 651 ## - SUBJECT ADDED ENTRY--GEOGRAPHIC NAME | |
| 9 (RLIN) | 15085 |
| Geographic name | إسرائيل |
| General subdivision | تاريخ |
| Chronological subdivision | العصر الحديث |
| 942 ## - ADDED ENTRY ELEMENTS (KOHA) | |
| Source of classification or shelving scheme | Dewey Decimal Classification |
| Item type | Book - Borrowing |
| Withdrawn status | Item status | Source of classification or shelving scheme | Damaged status | Not for loan | Vendor | Home library | Current library | Shelving location | Date acquired | Source of acquisition | Total Checkouts | Full call number | Barcode | Date last seen | Date last borrowed | Koha item type |
|---|---|---|---|---|---|---|---|---|---|---|---|---|---|---|---|---|
| Dewey Decimal Classification | Central Library | Central Library | First floor | 23/06/2010 | Donation | 3 | 320.54095694 ي س ي | 000020985 | 15/07/2025 | 28/10/2024 | Book - Borrowing |